000 00396nam a2200145Ia 4500
008 100204s9999 xx 000 0 und d
082 _b14357
100 _aइनामदार ना.स.
245 _aराऊ
260 _bकॉन्टिनेन्टल प्रकाशन पुणे
_c1988
300 _a417
630 _aराऊ
730 _aराऊ
942 _cBOOK
999 _c458788
_d458785